Advanced thermodynamics for engineers / (Record no. 23413)
[ view plain ]
| 000 -LEADER | |
|---|---|
| fixed length control field | 01044cam a22002655a 4500 |
| 001 - CONTROL NUMBER | |
| control field | 11637544 |
| 005 - DATE AND TIME OF LATEST TRANSACTION | |
| control field | 20201128024031.0 |
| 008 - FIXED-LENGTH DATA ELEMENTS--GENERAL INFORMATION | |
| fixed length control field | 150218t2015 enka frb 001 0 eng d |
| 020 ## - INTERNATIONAL STANDARD BOOK NUMBER | |
| International Standard Book Number | 9780444633736 |
| 040 ## - CATALOGING SOURCE | |
| Original cataloging agency | CaPaEBR |
| Language of cataloging | eng |
| Description conventions | pn |
| Transcribing agency | CaPaEBR |
| Modifying agency | WaSeSS |
| -- | EG-ScBUE |
| 082 04 - DEWEY DECIMAL CLASSIFICATION NUMBER | |
| Edition number | 22 |
| Classification number | 621.4021 |
| Item number | WIN |
| 100 1# - MAIN ENTRY--PERSONAL NAME | |
| Personal name | Winterbone, D. E. |
| 245 10 - TITLE STATEMENT | |
| Title | Advanced thermodynamics for engineers / |
| Statement of responsibility, etc | Desmond E. Winterbone, Ali Turan. |
| 250 ## - EDITION STATEMENT | |
| Edition statement | 2nd ed. |
| 260 ## - PUBLICATION, DISTRIBUTION, ETC. (IMPRINT) | |
| Place of publication, distribution, etc | Oxford ; |
| -- | Waltham : |
| Name of publisher, distributor, etc | Butterworth-Heinemann / Elsevier, |
| Date of publication, distribution, etc | c.2015. |
| 300 ## - PHYSICAL DESCRIPTION | |
| Extent | xxvi, 551 p. : |
| Other physical details | ill. ; |
| Dimensions | 24 cm. |
| 504 ## - BIBLIOGRAPHY, ETC. NOTE | |
| Bibliography, etc | Includes bibliographical references and index. |
| 650 #7 - SUBJECT ADDED ENTRY--TOPICAL TERM | |
| Topical term or geographic name as entry element | Thermodynamics. |
| Source of heading or term | BUEsh |
| 9 (RLIN) | 1919 |
| 651 ## - SUBJECT ADDED ENTRY--GEOGRAPHIC NAME | |
| Source of heading or term | BUEsh |
| 653 ## - INDEX TERM--UNCONTROLLED | |
| Resource For college | Engineering, General |
| Arrived date list | December2016 |
| 700 1# - ADDED ENTRY--PERSONAL NAME | |
| Personal name | Turan, Ali, |
| 773 #0 - HOST ITEM ENTRY | |
| Title | eBook - Engineering 2015 [EBCE15] |
| 776 08 - ADDITIONAL PHYSICAL FORM ENTRY | |
| Display text | Print version: |
| Main entry heading | Winterbone, Desmond E. |
| Title | Advanced thermodynamics for engineers. |
| Edition | Second edition. |
| Place, publisher, and date of publication | Oxford, [England] ; Waltham, Massachusetts : Butterworth-Heinemann, c2015 |
| Physical description | xxvi, 551 pages |
| International Standard Book Number | 9780444633736 |
| 942 ## - ADDED ENTRY ELEMENTS (KOHA) | |
| Source of classification or shelving scheme | Dewey Decimal Classification |
| Withdrawn status | Item status | Source of classification or shelving scheme | Damaged status | Not for loan | Vendor | Home library | Current library | Shelving location | Date acquired | Source of acquisition | Cost, normal purchase price | Serial Enumeration / chronology | Total Checkouts | Full call number | Barcode | Date last seen | Cost, replacement price | Koha item type |
|---|---|---|---|---|---|---|---|---|---|---|---|---|---|---|---|---|---|---|
| Dewey Decimal Classification | Baccah | Central Library | Central Library | First floor | 01/12/2016 | Purchase | 1275.00 | 3636 | 621.4021 WIN | 000040175 | 15/07/2025 | 1594.00 | Book - Borrowing |